Top 32 PDC Order of Merit (16.4.26) - Statistiken

Allgemein
  • Dieses Quiz wurde 59 mal gespielt
    12 seit der letzten Aktualisierung
  • Das Durchschnittsergebnis liegt bei 23 aus 32
Antwortstatistiken
Hint Antwort % Korrekt
9. Bunting
100%
5. Clayton
100%
2. Humphries
100%
1. Littler
100%
7. Price
100%
18. Schindler
100%
4. Van Gerwen
100%
20. Heta
86%
8. Rock
86%
15. Smith
86%
30. Smith
86%
3. Van Veen
86%
6. Wade
86%
11. Anderson
71%
29. Gilding
71%
25. Gurney
71%
16. Nijman
71%
10. Noppert
71%
32. Wright
71%
14. Aspinall
57%
24. Chisnall
57%
19. De Decker
57%
13. Dobey
57%
28. Menzies
57%
12. Searle
57%
21. Woodhouse
57%
26. Joyce
43%
23. Ratajski
43%
27. Van Duijvenbode
43%
17. Wattimena
43%
22. Cross
29%
31. Edhouse
29%
Keine übereinstimmenden Quizze gefunden
Verteilung der Resultate
Anzahl Personen mit jedem Resultat
Perzentil nach korrekt beantworteten Fragen
Ihre Resultats-Entwicklung
Sie haben dieses Quiz seit der letzten Aktualisierung nicht gespielt